[Event "Tilburg Fontys"]
[Site "Tilburg"]
[Date "1998.10.28"]
[Round "5"]
[White "Piket, Jeroen"]
[Black "Lautier, Joel"]
[Result "1-0"]
[WhiteElo "2605"]
[BlackElo "2625"]
[Annotator "Ftacnik,L"]
[PlyCount "45"]
[EventDate "1998.10.23"]
[EventType "tourn"]
[EventRounds "11"]
[EventCountry "NED"]
[EventCategory "18"]
[SourceTitle "EXT 1999"]
[Source "ChessBase"]
[SourceDate "1998.11.16"]
[SourceVersion "1"]
[SourceVersionDate "1998.11.16"]
[SourceQuality "1"]

1. d4 Nf6 2. c4 e6 3. Nc3 Bb4 4. Nf3 O-O 5. Bg5 c5 6. Rc1 cxd4 7. Nxd4 d5 (7...
Nc6 8. e3 Be7 (8... a6 9. Be2 Be7 10. O-O d6 11. Qd2 Qb6 12. Rfd1 Bd7 13. Nb3
Rad8 14. Bxf6 gxf6 15. Ne4 Nb4 16. Nxd6 Nxa2 17. c5 Qxb3 18. Bc4 Nxc1 19. Bxb3
Nxb3 20. Qb4 Nxc5 21. Qxc5 Ba4 22. b3 Bxb3 23. Rd3 Bd5 24. e4 Bxe4 {0-1 Szabo,
L-Kortschnoj,V/Lugano olm/1968/}) (8... d5 9. a3 Be7 10. cxd5 Nxd4 11. Qxd4
Nxd5 12. Bxe7 Nxe7 13. Qxd8 Rxd8 14. Be2 Bd7 15. O-O {1/2-1/2 Gulko,B-Tal,M/
Biel izt/1976/}) 9. Be2 Qa5 10. Bh4 Nxd4 11. Qxd4 d5 12. O-O dxc4 13. Qxc4 Bd7
14. Bf3 Rac8 15. Qb3 b6 16. Rfd1 Rfd8 17. Bg3 Be8 18. h3 Rxd1+ 19. Rxd1 b5 {
1/2-1/2 Byrne,R-Eliskases,E/Buenos Aires/1964/}) 8. e3 dxc4 (8... h6 9. Bh4
Bxc3+ 10. bxc3 dxc4 11. Bxc4 e5 12. Nb5 Qxd1+ 13. Rxd1 Nc6 14. Bxf6 gxf6 15.
O-O Na5 16. Bd5 Be6 17. Nc7 Bxd5 18. Nxd5 Kg7 19. e4 Rfd8 20. Rd3 {1-0
Nenashev,A-Luther,T/Recklinghaus/1998/ (41)}) 9. Bxc4 Nbd7 10. O-O h6 11. Bh4
Ne5 (11... Qb6 12. Qc2 $14) 12. Qb3 Be7 $6 {The fight for equality with
simplified pawn structure should not be too difficult, but white is much
further with centralization of his rooks.} (12... Nxc4 13. Qxb4 Nb6 14. Rfd1
$16) (12... Bxc3 $5 13. Rxc3 Nxc4 14. Qxc4 e5 15. Bxf6 $1 (15. Nf3 g5 16. Bg3
$14) 15... Qxf6 16. Nf3 $14) 13. Rfd1 Nxc4 $2 (13... Qa5 14. Bb5 $16) 14. Nc6
Nd2 (14... Qc7 15. Nxe7+ Qxe7 16. Qxc4 g5 17. Bg3 e5 18. Qb5 (18. Nd5 Nxd5 19.
Qxd5 $16) 18... Re8 19. e4 $16) 15. Rxd2 $1 {[%mdl 64] Tha tactics works
clearly for the better developed player.} (15. Nxe7+ Qxe7 16. Rxd2 b6 (16... g5
17. Bg3 e5 18. e4 $16) 17. Ne4 g5 18. Nxg5 (18. Qa3 Qxa3 19. Nxf6+ Kg7 20. Nh5+
Kg6 21. bxa3 Kxh5 22. Bg3 Ba6 $11) 18... hxg5 19. Bxg5 Bb7 20. Qa4 Rac8 $13)
15... Qe8 (15... Qxd2 16. Nxe7+ Kh7 17. Rd1 $18) 16. Nb5 $1 (16. Nxe7+ Qxe7 17.
Ne4 g5 18. Nxf6+ Qxf6 19. Bg3 $16) 16... Bd7 (16... bxc6 17. Nc7 Ne4 18. Nxe8
Nxd2 19. Qc3 Rxe8 20. Bxe7 $18) 17. Nxe7+ (17. Nc7 Bxc6 18. Nxe8 Rfxe8 $18)
17... Qxe7 18. Bxf6 gxf6 (18... Qxf6 $2 19. Rxd7 $18) 19. Rc7 {The game is
over as the defender remains horribly tied down.} Rad8 20. Nc3 (20. Nxa7 Ba4
21. Rxe7 Bxb3 22. Red7 Rxd7 23. Rxd7 Bxa2 24. Rxb7 $16) 20... Qe8 (20... Ba4
21. Rxe7 Bxb3 22. Rxd8 Rxd8 23. axb3 $18) (20... Kg7 21. Qxb7 $18) 21. Ne4 Kg7
(21... Qe7 22. Rcxd7 $1 $18) 22. Nd6 Qe7 23. h3 (23. Nxb7 Rc8 24. Rcxd7 Rc1+
25. Rd1 Qxd7 26. Rxc1 Rb8 27. Nc5 $18) (23. h3 Rg8 24. Nxb7 $18) 1-0

[Event "Linares 09th"]
[Site "Linares"]
[Date "1991.??.??"]
[Round "4"]
[White "Gurevich, Mikhail"]
[Black "Kasparov, Garry"]
[Result "0-1"]
[WhiteElo "2650"]
[BlackElo "2800"]
[Annotator "Ftacnik,L"]
[PlyCount "84"]
[EventDate "1991.02.??"]
[EventType "tourn"]
[EventRounds "13"]
[EventCountry "ESP"]
[EventCategory "17"]
[SourceTitle "CBM 022"]
[Source "ChessBase"]
[SourceDate "1991.06.01"]
[SourceVersion "1"]
[SourceVersionDate "1991.06.01"]
[SourceQuality "1"]

1. d4 Nf6 2. Nf3 e6 3. c4 b6 4. Nc3 Bb4 5. Qb3 c5 6. a3 Bxc3+ 7. Qxc3 O-O (7...
d6 8. Bg5 Nbd7 9. dxc5 $6 (9. O-O-O Ne4 10. Qe3) 9... bxc5 10. e3 a5 $1 11. b3
O-O 12. Nd2 Bb7 13. f3 Qb6 14. Be2 d5 $10 {Tukmakov,V-Browne,W/Las Palmas/1982/
}) 8. g3 (8. Bg5 $5 cxd4 9. Nxd4 Ne4 10. Bxd8 Nxc3 11. Be7 $1 (11. Bxb6 Na4 12.
Ba5 Nxb2 13. e3 Ba6 14. Nb5 Bxb5 15. cxb5 Rc8 16. Kd2 d5 17. Be2 Nd7 $10) 11...
Re8 12. Bb4 Na4 13. Nb5 Na6 14. b3 N4c5 15. Bxc5 bxc5 16. Nd6 Rd8 17. h4 $1 $14
) 8... cxd4 9. Qxd4 Nc6 10. Qh4 Bb7 11. Bg2 Rc8 12. Bd2 (12. b4 d5 (12... Ne5
$6 13. Nxe5 Bxg2 14. Rg1 Bb7 15. Bg5 $16) 13. cxd5 Nxd5 14. Bg5 $13) 12... Na5
$1 13. Bxa5 bxa5 14. b4 $2 (14. O-O a4 15. Rfd1 $10) 14... Qc7 $1 15. c5 (15.
Rc1 axb4 16. axb4 a5 $1) 15... d6 16. Rc1 axb4 17. axb4 dxc5 $1 (17... a5 18.
c6 $1 axb4 (18... Bxc6 19. b5 Bxf3 20. Rxc7 Bxg2 21. Rxc8 Rxc8 22. Rg1 Rc1+ 23.
Kd2 Rxg1 24. f3 Rb1 25. Qa4 $13) 19. Nd4 $13) 18. Rxc5 Qb6 19. Rxc8 Rxc8 20.
O-O Ba6 21. Ne5 (21. Re1 Rc4) 21... Bxe2 22. Re1 Bb5 23. Qf4 h6 24. h4 Be8 25.
g4 Rd8 26. g5 Rd4 27. Qf3 hxg5 28. hxg5 Nd5 29. Rc1 Qb8 30. Qg3 Nf4 31. Qe3 Qd8
32. Nf3 Rxb4 33. Bf1 Nd5 34. Qxa7 $138 Rg4+ 35. Kh1 Nf4 36. Qb7 Kh7 37. Qe4+ f5
38. gxf6+ Bg6 39. Qb7 Qxf6 40. Re1 Nd5 (40... Nd3 $1 $19) 41. Bg2 Nf4 42. Bf1
Nd3 $1 {Ftacnik,L} 0-1

[Event "Buenos Aires Najdorf"]
[Site "Buenos Aires"]
[Date "1993.??.??"]
[Round "6"]
[White "Seirawan, Yasser"]
[Black "Zarnicki, Pablo Adrian"]
[Result "1-0"]
[WhiteElo "2595"]
[BlackElo "2470"]
[Annotator "Ftacnik,L"]
[PlyCount "53"]
[EventDate "1993.04.??"]
[EventType "tourn"]
[EventRounds "11"]
[EventCountry "ARG"]
[EventCategory "13"]
[SourceTitle "CBM 035"]
[Source "ChessBase"]
[SourceDate "1993.08.01"]
[SourceVersion "1"]
[SourceVersionDate "1993.08.01"]
[SourceQuality "1"]

1. d4 Nf6 2. c4 e6 3. Nf3 b6 4. Nc3 Bb4 5. Qb3 c5 6. a3 Ba5 7. Bg5 Nc6 8. O-O-O
(8. e3 h6 9. Bxf6 (9. Bh4 cxd4 (9... g5 10. Bg3 cxd4 11. Nxd4 Nxd4 12. exd4 Ne4
13. Bd3 Bxc3+ 14. bxc3 Nxg3 15. hxg3 Rb8 16. Qb5 Bb7 17. Qe5 f6 18. Qd6 Kf7 19.
f4 g4 20. Kf2 Rc8 21. Rh4 f5 22. Rah1 Qc7 23. Qxc7 Rxc7 24. Rxh6 $13 {
Kohlweyer,B-King,D/Dortmund-B/1987/}) 10. exd4 O-O 11. O-O-O Bxc3 12. Qxc3 d5
13. cxd5 Qxd5 14. Bxf6 gxf6 15. Bc4 Qd6 16. Qe3 Kg7 17. Kb1 Ne7 18. Qe4 Nd5 19.
Qg4+ Kh7 20. Qe4+ f5 21. Qh4 Bb7 22. Ne5 Qd8 23. Qg3 Rc8 24. Bd3 $14 {
Wirthensohn,H-Morrison,G/Thessaloniki olm (13)/1988/}) 9... Qxf6 10. Rd1 O-O
11. Be2 Ba6 12. O-O Bxc3 13. Qxc3 cxd4 14. Nxd4 Nxd4 15. Rxd4 d5 16. Qd2 Bxc4
17. Bxc4 dxc4 18. Rxc4 Rfd8 {0,5/Pieterse,G-Hoeksema,E/NLD-ch (08)/1991/}) 8...
Bxc3 9. d5 Be5 (9... exd5 10. cxd5 Be5 11. dxc6 Qe7 12. cxd7+ Bxd7 13. e3 Rd8
14. Rxd7 Rxd7 15. Bb5 Bd6 16. Rd1 O-O 17. Bxd7 Qxd7 18. Bf4 c4 19. Qc2 Ne8 20.
Ng5 f5 21. Qxc4+ Kh8 22. Bxd6 Nxd6 23. Qd5 Rd8 24. Ne6 $18 {Seirawan,Y-Timman,
J (5)/Hilversum KRO m/1990/}) 10. dxc6 Qc7 $2 (10... Bc7 11. e3 h6 12. Bh4 Qe7
13. Qa4 d6 14. Bd3 g5 15. Bg3 Nh5 16. Be2 f5 17. Nd2 Nf6 18. h4 g4 19. f3 h5
20. Nb1 a6 21. Nc3 O-O 22. Bf4 Rb8 23. Bh6 Rf7 24. Bg5 $16 {Soppe,G-Debarnot,R/
Buenos Aires Konex (07)/1991/}) 11. g3 $1 Bd6 (11... Qxc6 12. Nxe5 Qxh1 13. Nf3
Bb7 14. Bh3 Bxf3 15. Rxh1 Bxh1 16. f3 {/\ Qd1}) 12. Bg2 dxc6 13. Rxd6 $1 Qxd6
14. Rd1 Qc7 $2 (14... Nd5 15. e4 $1 $16) 15. Bf4 Qb7 16. Ne5 Bd7 17. Rxd7 Nxd7
18. Bxc6 Qa6 19. Nxd7 Qc8 20. Ba4 (20. Nb8+ $1 $18) 20... Ke7 21. Qd3 f6 22.
Qd6+ Kf7 23. Ne5+ fxe5 24. Bd7 Qd8 25. Qxe6+ Kf8 26. Bxe5 g6 27. Bf6 1-0

[Event "Kecskemet Szechenyi"]
[Site "Kecskemet"]
[Date "1991.??.??"]
[Round "6"]
[White "Malaniuk, Vladimir P"]
[Black "Lendwai, Reinhard"]
[Result "1-0"]
[WhiteElo "2510"]
[BlackElo "2405"]
[Annotator "Ftacnik,L"]
[PlyCount "65"]
[EventDate "1991.07.??"]
[EventType "tourn"]
[EventRounds "9"]
[EventCountry "HUN"]
[EventCategory "8"]
[SourceTitle "CBM 026"]
[Source "ChessBase"]
[SourceDate "1992.02.01"]
[SourceVersion "1"]
[SourceVersionDate "1992.02.01"]
[SourceQuality "1"]

1. d4 Nf6 2. c4 e6 3. Nf3 b6 4. Nc3 Bb4 5. Qb3 c5 6. a3 Ba5 7. Bg5 h6 8. Bh4 g5
9. Bg3 g4 (9... Ne4 10. e3 Nc6 11. Bd3 Nxg3 (11... Bxc3+ 12. bxc3 Nxg3 13. fxg3
$1 $14) 12. hxg3 g4 13. d5 gxf3 14. dxc6 fxg2 15. Rg1 $13 {Psachis,L-Gruenfeld,
Y/Israel/1991/}) 10. Nd2 (10. O-O-O $5 Bxc3 (10... gxf3 11. Nb5 $40) 11. Qxc3
gxf3 12. d5 $1 $16 {Psachis,L}) 10... cxd4 11. Nb5 Bxd2+ 12. Kxd2 Ne4+ 13. Ke1
d6 (13... Nxg3 14. Qxg3 $16) 14. Qd3 Nxg3 15. Qxd4 (15. Qxg3 e5 $1) 15... Nxh1
(15... e5 16. Nxd6+ Kf8 (16... Kd7 17. Qd5 Nxh1 18. Nxf7+ $18) 17. Qxe5 f6 18.
Qd5 $18) 16. Qxh8+ Ke7 (16... Kd7 17. Qxh6) 17. Qxh6 Nd7 18. Rd1 Ba6 (18... Qf8
19. Qh4+ f6 20. Nxd6 $40) 19. Qf4 (19. Nxd6 Qh8) 19... Bxb5 (19... e5 20. Qg5+
Kf8 21. Qh6+ $16) 20. Qxd6+ Ke8 21. cxb5 g3 (21... Qe7 22. Qc6 Rd8 23. g3 $16)
22. hxg3 Rc8 23. Qd4 e5 (23... Nf6 24. Qh4 $18) 24. Qg4 Qc7 25. Qh3 Nxf2 26.
Kxf2 Qc5+ 27. Ke1 (27. e3 Nf6 $132) 27... Nf6 (27... Qxb5 28. e3 Qc6 29. Be2
$36) 28. Qf5 Ke7 29. g4 Rc7 30. g5 Nh5 $2 (30... Ne8 31. g6 $40) 31. g4 Ng7 (
31... Ng3 32. Qf6+ Kf8 33. Rd8#) 32. Qf6+ Kf8 33. Rd8+ {Ftacnik,L} (33. Rd8+
Ne8 34. Qh8+ Ke7 35. Qxe8#) 1-0

[Event "Norway Chess 2nd"]
[Site "Stavanger"]
[Date "2014.06.09"]
[Round "6"]
[White "Topalov, Veselin"]
[Black "Kramnik, Vladimir"]
[Result "1-0"]
[WhiteElo "2772"]
[BlackElo "2783"]
[Annotator "Ftacnik,L"]
[PlyCount "87"]
[EventDate "2014.06.03"]
[EventType "tourn"]
[EventRounds "9"]
[EventCountry "NOR"]
[EventCategory "21"]
[SourceTitle "CBM 161"]
[Source "ChessBase"]
[SourceDate "2014.07.16"]
[SourceVersion "1"]
[SourceVersionDate "2014.07.16"]
[SourceQuality "1"]

1. d4 Nf6 2. c4 e6 3. Nc3 Bb4 4. Nf3 O-O 5. Bg5 c5 {Thanks to his castled king
Black is able to start real counterplay in the centre.} 6. Rc1 h6 7. Bh4 cxd4 (
7... g5 8. Bg3 Ne4 9. e3 cxd4 10. Nxd4 Nc6 11. Bd3 Bxc3+ 12. bxc3 Nxg3 13. hxg3
Kg7 14. Qh5 Rh8 15. f4 d5 16. O-O dxc4 17. Nxc6 bxc6 18. fxg5 Qe7 19. Rf6 Bd7
20. Rcf1 {1-0 (20) Bacrot,E (2725)-Inkiov,V (2465) Haguenau 2013}) 8. Nxd4 d5 {
Kramnik is right to hurry up with active operations in the centre as with each
move the opponent will be closer to complete development including the king
being brought to safety. The pawn advance to d5 is a relatively rare
continuation as Black has predominantly been testing other ideas.} (8... Nc6 9.
a3 (9. e3 e5 (9... b6 10. Ndb5 (10. Be2 Bb7 11. O-O {1/2 (11) Marin,M (2475)
-Andersson,U (2600) Szirak 1987}) 10... Be7 11. Be2 Ne8 12. Bg3 d6 13. O-O Bb7
14. Bf3 a6 15. Nd4 Qc8 16. Nxc6 Bxc6 17. Nd5 Bd8 18. Nb4 Bxf3 19. Qxf3 Ra7 20.
Qc6 Qxc6 21. Nxc6 $14 {1-0 (53) Bacrot,E (2706)-Rau,H (2464) Deizisau 2012}) (
9... Bxc3+ 10. Rxc3 g5 11. Bg3 Ne4 12. Ra3 Qe7 13. Bd3 Qb4+ 14. Kf1 Qxb2 15.
Bxe4 Qxa3 16. h4 Nxd4 17. hxg5 Nf5 18. Bxf5 exf5 19. Be5 f6 20. Bd6 Qc3 21.
Rxh6 Rf7 22. Rg6+ $18 {1-0 (28) Sedlak,N (2553)-Perunovic,M (2580) Vrsac 2008})
(9... d6 10. Bd3 Bd7 11. O-O Ne5 12. a3 Bxc3 13. Rxc3 Rc8 14. f4 Nxd3 15. Qxd3
d5 16. Bxf6 Qxf6 17. cxd5 exd5 18. Rfc1 Rxc3 19. Rxc3 Qb6 20. Rb3 Qc7 21. Kf2
$11 {1/2 (36) Barsov,A (2525)-Campora,D (2505) Catalan Bay 2003}) (9... Be7 10.
Be2 d5 11. O-O Bd7 12. cxd5 Nxd5 13. Bxe7 Ncxe7 14. Nxd5 Nxd5 15. Bf3 Rc8 16.
Bxd5 exd5 17. Qb3 Bc6 18. Rc3 Qb6 19. Qxb6 axb6 20. Rb3 Ra8 21. a3 $16 {
1-0 (73) Zhang,Z (2649)-Hussein,H (2354) Beijing 2008}) 10. Bxf6 Qxf6 11. Ndb5
Rd8 12. Be2 d6 13. O-O Bxc3 14. Nxc3 Be6 15. Qb3 Rd7 16. Rfd1 Rad8 17. Rd2 Qg6
18. Rcd1 e4 19. Qc2 Bf5 20. Kh1 Ne5 21. Rd5 $11 {1-0 (58) Bacrot,E (2645)
-Socko,B (2551) Rethymnon 2003}) 9... Bxc3+ 10. Rxc3 g5 11. Bg3 Ne4 12. Nb5
Nxc3 13. Nxc3 d5 14. cxd5 exd5 15. Qxd5 Be6 16. Qxd8 Rfxd8 17. e3 Rac8 18. h4
g4 19. Be2 Na5 20. Be5 Nc4 21. Bxc4 Bxc4 $15 {1/2 (54) Anand,V (2784)-Timman,J
(2649) Wijk aan Zee 1999}) (8... b6 9. e3 Bb7 10. Ndb5 $1 Na6 11. Nd6 Bxd6 12.
Qxd6 Rc8 (12... Qc7 13. Nb5 $16) 13. f3 Rc6 14. Qd4 Qe7 15. Be2 (15. Rd1 Rd8
16. Be2 $16) 15... g5 $6 (15... Nc7 16. O-O d5 17. cxd5 exd5 18. Bd3 $16) 16.
Bg3 d5 (16... Nh5 17. Rd1 (17. Bf2 f5 18. h4 $16) 17... Nxg3 18. hxg3 Rd8 19.
Ne4 $16) 17. h4 (17. Be5 Nd7 18. cxd5 exd5 19. Bg3 $16) 17... Nh5 (17... dxc4
$2 18. hxg5 hxg5 19. Ne4 Nh7 20. Bd6 $18) 18. Bf2 Ng7 19. hxg5 hxg5 (19... Qxg5
20. cxd5 exd5 21. g4 $16) 20. Qe5 $5 {1-0 (36) Ponomariov,R (2705)-Polgar,J 
(2708) Vitoria Gasteiz 2007} (20. cxd5 exd5 21. Bb5 Rc5 22. a3 $16)) (8... g5
9. Bg3 Ne4 10. Ndb5 f5 11. Bc7 Qe7 12. f3 a6 13. a3 axb5 14. axb4 Na6 15. Be5
d6 16. Bd4 Nxc3 17. Bxc3 bxc4 18. e4 fxe4 19. Bxc4 b5 20. Bb3 Bb7 21. Qd4 Kh7
$11 {1-0 (62) Bauer,C (2640)-Cheparinov,I (2621) Metz 2005}) (8... Be7 9. e3 d6
10. Be2 Nc6 11. O-O a6 12. Bg3 Bd7 13. Nb3 Ne5 14. c5 Qb8 15. f4 Ng6 16. e4 e5
17. fxe5 Nxe5 18. Bxe5 dxe5 19. Rxf6 Bxf6 20. Qxd7 $18 {1-0 (33) Gonzalez
Garcia,J (2522)-Hernandez Carmenates,H (2570) Barbera del Valles 2011}) 9. Bxf6
(9. e3 e5 10. Nf3 g5 11. Bg3 d4 12. exd4 exd4 13. Nxd4 (13. Qxd4 Re8+ 14. Be2
Qe7 15. O-O Nc6 16. Qe3 Bxc3 17. bxc3 Qxe3 18. fxe3 Rxe3 19. Nd4 $11) 13... Qb6
14. Ndb5 Bg4 15. Be2 Bxe2 16. Kxe2 Qe6+ 17. Kf1 Qxc4+ 18. Qe2 Qxe2+ 19. Kxe2
Re8+ 20. Kd3 Nc6 $11 {1/2 (56) Wojtaszek,R (2701)-Tkachiev,V (2632) Legnica
2013}) (9. cxd5 g5 (9... exd5 10. e3 Nc6 11. Be2 Re8 12. O-O g5 13. Bg3 Bxc3
14. Nxc6 bxc6 15. Rxc3 Bd7 16. f3 Re6 17. Qd2 Qe7 18. Rfc1 Nh5 19. Bf2 Nf4 20.
Ba6 Ng6 21. Bb7 Rd8 22. Qd4 $16 {1/2 (41) Byrne,R-Wexler,B Leipzig 1960}) 10.
Bg3 Qxd5 11. a3 Bxc3+ 12. bxc3 Rd8 13. Nb5 Na6 14. f3 Bd7 15. e4 Qc5 16. Qd4
Bxb5 17. Qxc5 Nxc5 18. Bxb5 a6 19. Be2 Nh5 20. Bf2 Rac8 21. Rc2 Nd3+ 22. Kf1
Nhf4 $11 {1/2 (37) Ipatov,A (2569)-Smirnov,P (2618) Moscow 2013}) 9... Qxf6 10.
cxd5 Rd8 {The former world champion is working hard on chess and often his
analyses are surprisingly deep. Black could have tried the simple recapturing
with pawn with a fair position.} (10... exd5 11. e3 Nc6 12. a3 Bxc3+ 13. Rxc3
Qg6 $11) 11. e3 (11. e4 $2 exd5 $19) 11... Rxd5 (11... exd5 12. a3 Bxc3+ 13.
Rxc3 Nc6 $11) 12. Qb3 Rxd4 $6 {[%mdl 1028] The game was very important for
both players who have not been on friendly terms ever since their world
championship match. Kramnik tries to punish Topalov with active play over the
board. Unfortunately the exchange sacrifice is not forced and most likely also
not the strongest line.} (12... Qe7 13. Bd3 Rd8 14. O-O Nc6 $11) 13. exd4 Nc6
14. Bb5 $1 Qf4 {Black gets cold feet at the moment when he could shock his
adversary with the sacrifice of the rook with 14...Nxd4!? The whole system is
very spirited, but Black has no reason to believe that he can gain an opening
advantage.} (14... Qxd4 15. Bxc6 bxc6 16. O-O $14) (14... Nxd4 $5 15. Qxb4 Qf4
16. Kd1 (16. Qe7 Qxc1+ 17. Nd1 Nc2+ 18. Ke2 Nd4+ 19. Ke1 e5 $19) 16... e5 17.
Ne2 (17. Rf1 Bg4+ 18. f3 Rd8 19. Qe7 Nc6+ 20. Qxd8+ Nxd8 21. fxg4 Qxg4+ 22. Kc2
$14) 17... Nxe2 18. Qxf4 Nxf4 19. Re1 Bf5 20. Rc5 $14) 15. O-O Nxd4 16. Qd1 (
16. Qc4 $5 Bd6 (16... a6 17. Rfd1 e5 18. Nd5 Qg4 19. Qxb4 axb5 20. Kh1 $14) 17.
g3 Qg4 18. Rfd1 e5 19. Qd5 Be7 20. Rd3 $14) 16... Bxc3 $6 {Even in the battle
of two former world champions the positional rules are still more than valid.
Kramnik is diminishing his chances by the exchange of his dark-squared bishop
for the knight at the moment when a simple retreat would have offered near
equality.} (16... Ba5 17. Bd3 e5 $11) 17. Rxc3 e5 (17... Nxb5 $2 18. Qd8+ Kh7
19. Rxc8 $16) (17... Qd6 18. Bc4 e5 19. Qh5 Be6 20. Bxe6 Qxe6 21. Rc7 $14) 18.
Bc4 (18. Qc1 $5 Be6 19. Bd3 $14) 18... Bd7 19. Qc1 Qf6 (19... Qxc1 20. Rfxc1
Bc6 21. f3 $14) 20. Qe3 Bc6 21. Bd3 {White is very disciplined and he is
working hard on stabilising his position in the centre. Black's chances for
active counterplay will be honed down to a minimum.} Re8 (21... Qd6 22. Be4
Bxe4 23. Qxe4 Rd8 24. Re3 Nc6 25. f4 exf4 26. Qxf4 $14) 22. Be4 Bb5 (22... Qd6
23. Bxc6 bxc6 24. Rc4 Rb8 25. b3 Rd8 26. Re1 $14) 23. Re1 Qa6 $2 {Kramnik did
not play this spirited opening with the hope of defending passively. His
striving for active play is perfectly understandable, but White will benefit
more from the conflict.} (23... Qe7 24. b3 $14) 24. Rc7 $1 Qxa2 (24... Bc6 25.
Bxc6 bxc6 26. Qa3 $1 $16) 25. Rxb7 a6 (25... Qxb2 26. Rb1 Qe2 27. R7xb5 Qxe3
28. fxe3 Nxb5 29. Rxb5 $18) 26. b3 Rd8 $6 {The nerves are ticking and Black is
not willing to admit that only passive defence can offer some chances of
survival.} (26... Rf8 27. Bb1 Qb2 28. h3 Ne2+ 29. Kh2 Nf4 30. Rc7 Nd5 31. Qe4
Nf6 32. Qf5 $16) 27. Bd5 $1 Ne2+ (27... Rxd5 28. Rb8+ Kh7 29. Qe4+ f5 30. Qxd5
$18) 28. Kh1 (28. Rxe2 $2 Qxe2 29. Bxf7+ Kh8 30. Qxe2 Bxe2 31. h4 $14) 28...
Nf4 (28... Qc2 29. Bxf7+ Kh8 30. Bc4 Qd1 (30... Bxc4 31. Qxe5 Qc3 32. Qxc3 Nxc3
33. bxc4 $18) 31. Qxe2 Qxe2 32. Bxe2 Bxe2 33. h3 $18) 29. Bxf7+ Kh8 30. Qb6 $6
{Topalov is not immune to trepidations of his own. In the heat of the fight he
chooses exactly the wrong method of bringing his queen closer to the black
king.} (30. Rb6 $1 Qd2 31. Rb8 Qd6 32. Rxd8+ Qxd8 33. Qxe5 Nd3 34. Qe7 $18) (
30. Qxe5 Qxf2 31. Bd5 $1 Nh5 32. Bf3 Nf6 33. Rf7 $18) 30... Qd2 31. Rg1 Kh7 $6
{A nervous move, ignoring the golden chance to complicate matters with a
spectacular hidden resource. In the battle of two computers we would have seen
31..Nh3!!, but instead we are witnessing the merciless duel of two ex-world
champions.} (31... Nh3 $3 32. gxh3 Be2 33. Qc6 Qd3 34. Bd5 Qxd5+ 35. Qxd5 Rxd5
36. Rc1 $16) (31... Qd4 32. h3 $18) 32. h3 Rd6 (32... Qd4 33. Bc4 $18) 33. Qc7
Bd7 (33... Rd7 34. Qb8 Rd8 35. Qxe5 Qxf2 36. Bg6+ $18) 34. Qb8 {Exactly this
picture was the defender's worst nightmares. Black is unable to defend the 8th
rank so he chooses to play va-banque.} h5 $8 35. Qg8+ Kh6 36. Qh8+ Kg5 37.
Qxg7+ Kf5 38. Bxh5 {Time trouble is lurking around the corner and White
probably had no time to choose the best winning line. Fortunately for the
aggressor his position is completely winning in most sensible lines.} (38. f3
Nd3 39. Rxd7 Rxd7 40. Qg6+ Kf4 41. g3+ Kxf3 42. Qf5+ Ke3 43. Qg5+ Nf4 44. Qxe5+
$18) (38. Bg8 $1 Ng6 39. Bh7 Be8 40. Re7 Re6 41. Rxe8 $18) 38... Nxh5 39. Qg4+
Kf6 40. Qxh5 Qxf2 41. Qh6+ {Even after the time control Topalov is not ready
to play the best moves, he just wants to grab his deserved point and run...} (
41. Rb8 $1 Ke6 42. Qg4+ Ke7 43. Qg7+ Ke6 44. Rf8 $18) 41... Ke7 42. Qg7+ Ke6
43. Qg4+ Ke7 44. Rd1 {Material and positional superiority is rendering any
resistance by Black pointless.} (44. Rd1 Rxd1+ 45. Qxd1 Qf5 46. h4 Ke8 47. Kg1
$18) 1-0

[Event "URS-ch58"]
[Site "Moscow"]
[Date "1991.??.??"]
[Round "5"]
[White "Dreev, Alexey"]
[Black "Kiselev, Sergey"]
[Result "1/2-1/2"]
[WhiteElo "2610"]
[BlackElo "2510"]
[Annotator "Ftacnik,L"]
[PlyCount "40"]
[EventDate "1991.11.??"]
[EventType "swiss"]
[EventRounds "11"]
[EventCountry "URS"]
[SourceTitle "URS-ch"]
[Source "ChessBase"]
[SourceDate "1999.07.01"]
[SourceVersion "1"]
[SourceVersionDate "1999.07.01"]
[SourceQuality "1"]

1. d4 Nf6 2. c4 e6 3. Nf3 b6 4. Nc3 Bb4 5. Qb3 c5 6. a3 Ba5 7. Bg5 h6 8. Bh4 g5
9. Bg3 g4 (9... Ne4 10. e3 Nc6 11. Bd3 Nxg3 (11... Bxc3+ 12. bxc3 Nxg3 13. fxg3
$1 $14) 12. hxg3 g4 13. d5 $1 gxf3 14. dxc6 fxg2 15. Rg1 $146) 10. Nd2 (10.
O-O-O $5 Bxc3 (10... gxf3 11. Nb5 $40)) 10... cxd4 11. Ncb1 {N} (11. Nb5 Bxd2+
12. Kxd2 Ne4+ 13. Ke1 d6 14. Qd3 Nxg3 15. Qxd4 Nxh1 16. Qxh8+ Ke7 17. Qxh6 Nd7
18. Rd1 $40 {Malaniuk,V-Lendwai,R/Kecskemet Szechenyi/1991/ ->CBM 26}) 11...
Ne4 12. Qd3 Nxg3 (12... Nxd2 13. Nxd2 Bxd2+ 14. Qxd2 Nc6 15. h3 $16) 13. Qxd4 (
13. hxg3 Bxd2+ 14. Nxd2 Nc6 $13) 13... Bxd2+ 14. Nxd2 Nxh1 (14... Rg8 15. hxg3
Nc6 16. Qf4 $16) 15. Qxh8+ Ke7 16. Qxh6 Bb7 17. Qg5+ Ke8 (17... f6 18. Qg7+ Kd6
19. Rd1 Kc7 20. Qxg4 $13) 18. Qg8+ Ke7 19. Qg5+ Ke8 20. Qg8+ Ke7 {Ftacnik,L}
1/2-1/2